000 00275nam a2200109Ia 4500
008 191206s9999 xx 000 0 und d
090 _aP23D55
245 0 _amystery of Edwin Drood
260 _aJ. W. Lovell company
260 _cc[1883]
300 _a"1 p.l., 603-833 p. 19 cm."
999 _c16536
_d16536